England Euro 96 Squad - Statistics

General Stats
  • This quiz has been taken 83 times
  • The average score is 14 of 22
Answer Stats
Number Pos. Club Player % Correct
1. GK Arsenal David Seaman
99%
9. FW Blackburn Rovers Alan Shearer
97%
8. MF Rangers (SCO) Paul Gascoigne
90%
5. (C) DF Arsenal Tony Adams
87%
2. DF Manchester United Gary Neville
81%
10. FW Tottenham Hotspur Teddy Sheringham
81%
4. MF Internazionale (ITA) Paul Ince
76%
3. DF Nottingham Forest Stuart Pearce
75%
21. FW Liverpool Robbie Fowler
72%
6. DF Aston Villa Gareth Southgate
70%
17. MF Liverpool Steve McManaman
67%
11. MF Tottenham Hotspur Darren Anderton
66%
13. GK Blackburn Rovers Tim Flowers
64%
7. MF Arenal David Platt
52%
19. DF Manchester United Phil Neville
51%
18. FW Newcastle United Les Ferdinand
48%
22. GK Tottanham Hotspur Ian Walker
46%
16. DF Tottenham Hotspur Sol Campbell
45%
15. MF Liverpool Jamie Redknapp
43%
20. MF Nottingham Forest Steve Stone
40%
14. MF Middlesbrough Nick Barmby
21%
12. DF Newcastle United Steve Howey
19%
No matching quizzes found
Score Distribution
Percent of People with Each Score
Percentile by Number Answered
Your Score History
You have not taken this quiz